| 000 | 02867nam0a2200421 4500 | ||
|---|---|---|---|
| 001 | RU\NLR\BIBL_A\022277085 | ||
| 005 | 20241012142847.0 | ||
| 010 |
_a978-5-00195-121-6 _94000 |
||
| 021 |
_aRU _bКН-П-24-031251 _9КН-П-24-3163 |
||
| 035 | _a(NLR Aleph) 022277085 | ||
| 090 |
_a13660553 _c13660553 |
||
| 100 | _a20240712d2024 k y0rusy50 ca | ||
| 101 | 1 |
_arus _ceng |
|
| 102 | _aRU | ||
| 105 | _aa z 000yy | ||
| 181 | 0 |
_ai3 _baxxe |
|
| 182 | 0 | _an | |
| 200 | 1 |
_aЭссенциализм _eпуть к простоте _fГрег Маккеон _gперевод с английского Иделии Айзятуловой |
|
| 203 |
_aТекст _bвизуальный _cнепосредственный |
||
| 205 | _a9-е изд., доп | ||
| 210 |
_aМосква _cМИФ _d2024 |
||
| 215 |
_a253, [1] с. _cил. _d25 |
||
| 225 | 1 | _aСерия "Практики эссенциалиста" | |
| 300 | _aЗагл. и авт. ориг.: Essentialism / Greg McKeown | ||
| 320 | _aБиблиогр. в примеч.: с. 229-240 | ||
| 330 | _aЭта книга для всех, кто погряз в повседневных заботах и кому не хватает времени на самое важное. Автор книги писатель и психолог Грег Маккеон напоминает: ваши время и энергия бесценны, их нельзя тратить на те вещи и людей, которые на самом деле не важны для вас. Вы и только вы должны определять, что стоит ваших ограниченных ресурсов. Эссенциализм-это новый подход, который позволит вам делать меньше, но лучше-во всех сферах вашей жизни. Он очень четко разъясняет, как сфокусироваться на самом важном и избавиться от всего ненужного, что вас окружает и мешает сосредоточиться на приоритетах | ||
| 333 | _a16+ | ||
| 454 | 0 |
_12001#$aEssentialism$fGreg McKeown _1700#1$aMcKeown$bG.$gGreg |
|
| 606 | 1 |
_aСтратегии жизненные _xСоциально-психологические исследования _3RU\NLR\AUTH\661279459 |
|
| 686 | 1 | _aС550.47 | |
| 700 | 1 |
_aМаккеон _bГ. _gГрег |
|
| 856 | 4 |
_lVNP_UJZ _tVIEW _uhttps://webservices.nlr.ru/viewer/file?name=a022277085_002.txt _yАннотация |
|
| 856 | 4 | 1 |
_lVNP_UJZ _tVIEW _uhttps://webservices.nlr.ru/viewer/file?name=t022277085_001.jpg _yОбложка |
| 942 | _cBOOK | ||
| 980 | 4 | _aVNP_UJZ | |
| 980 | _aNB | ||